Responses for show #7571 - Monday, July 10, 2017

Contestants

Rich Blashka, an attorney from New York, New York

Alyssa Mondelli, a forensic scientist from St. Paul, Minnesota

Susan Corica, a journalist from Waterbury, Connecticut (whose 1-day cash winnings total $15,995)

Jeopardy! Round responses

THE PRESIDENTIAL VERSE OF RICHARD ARMOUR
ADJECTIVES
MAKES SENSE
MIXED GREENS
ONLINE LEARNING
EVERYBODY "PAY"S
    $200 22
Abraham Lincoln

Alyssa
    $200 9
martial

Alyssa
    $200 4
Vermont

Rich
    $200 11
pay-per-view

Alyssa
    $400 23
Wilson

Rich
    $400 10
serpentine

Triple Stumper
    $400 5
cotton

Susan
    $400 12
You pays your money

Rich
    $600 24
Jefferson

Rich
    $600 1
(Alyssa: What is covert?)
(Susan: What is esoteric?)

cryptic

SusanAlyssa
Triple Stumper
    $600 19
(Rich: What is a gym teacher?)
...
(Alex: [*] happens to be his name, also.)

(Rich was later credited with a correct response.)

coach

AlyssaRich
    $600 6
Bart Starr

Rich
    $600 18
reaction

Triple Stumper
    $600 13
single-payer

Rich
    $2,000 25
(Rich: Who was William Henry Harrison?)

Grover Cleveland

Rich
    $800 2
jealous and zealous

Alyssa
    $800 20
(Rich: What is a owl?)

Marquess of Queensberry

Rich
Triple Stumper
    $800 7
greengrocer

Rich
    $800 16
(Alyssa: What is Java?)

HTML

Alyssa
Triple Stumper
    $800 14
pay your dues

Rich
    $1000 3
(Rich: What is malleable?)

ductile

Rich
Triple Stumper
    $1000 21
(Susan: What is Who Are You?)
(Alyssa: What is Who's That Girl?)
...
(Alex: Let me give you three some advice: It helps a lot if you start at the top of the category, then you can figure out exactly what the theme is.)

Samantha Who

SusanAlyssa
Triple Stumper
    $1000 8
(Susan: What is Rome?)

Byzantium (Constantinople)

SusanRich
    $1000 17
(Susan: What is Spanish?)

Tagalog

Susan
Triple Stumper
    $1000 15
ratepayer

Triple Stumper

Scores at the first commercial break (after clue 15):

Susan Alyssa Rich
-$1,200 $600 $3,400

Scores at the end of the Jeopardy! Round:

Susan Alyssa Rich
-$3,200 -$400 $2,200

Double Jeopardy! Round responses

DRESS LIKE WOMEN
CENTRAL AMERICA
(Alex: You have to give us the performer who sang each tune in the movie in...)
OSCAR-WINNING SONG PERFORMERS
FASCISM
THE "L" IT IS!
(Alex: Each correct response beginning with the letter L.)
WELSH WRITERS
    $400 12
Pantsuit

Rich
    $400 10
Panama

Rich
    $400 21
Madonna

Alyssa
    $400 6
Mussolini

Rich
    $400 1
lethal

Susan
    $400 26
Roald Dahl

Alyssa
    $800 17
Statue of Liberty

Rich
    $800 13
Sandinistas

Rich
    $800 22
Ryan Gosling and Emma Stone

Triple Stumper
    $800 7
Spanish Civil War

Susan
    $800 2
layaway

Rich
    $800 27
Dead on Arrival

Rich
    $1200 18
pointe shoes

Alyssa
    $1200 14
shade

Susan
    $1200 23
(Rich: Who is Adele?)

Sam Smith

Rich
Triple Stumper
    $1200 8
Iron

Susan
    $1200 3
latch key

Rich
    $2,500 28
(Rich: Who is Elliot?)

Dylan Thomas

Rich
    $1600 19
barrister

Rich
    $1600 15
(Alyssa: What is a quail?)

quetzal

AlyssaRich
    $1600 24
(Susan: Who is Enya?)

Annie Lennox

Susan
Triple Stumper
    $1600 9
S.S.

Alyssa
    $1600 4
lactation

Alyssa
    $1600 29
coal

Susan
    $2000 20
(Alyssa: Who is Virginia [*]?)

Apgar

Alyssa
    $3,000 16
El Salvador

Rich
    $2000 25
(Rich: Who is Burt Bacharach?)

B.J. Thomas

SusanRich
    $2000 11
Machismo

Alyssa
    $2000 5
lintel

Rich
    $2000 30
Dick Francis

Triple Stumper

Scores at the end of the Double Jeopardy! Round:

Susan Alyssa Rich
$2,400 $7,200 $10,300

[wagering suggestions for these scores]

Final Jeopardy! Round responses

THE HUMAN BODY
SusanWhat are dimples
$2,400
AlyssaWhat are dimples?
$4,000
RichWhat are dimples?
$4,200
dimples

Final scores:

Susan Alyssa Rich
$4,800 $11,200 $14,500
3rd place: $1,000 2nd place: $2,000 New champion: $14,500

Game dynamics:

Coryat scores:

Susan Alyssa Rich
$2,400 $7,200 $13,800
7 R,
5 W
12 R,
4 W
22 R
(including 1 DD),
6 W
(including 2 DDs)

Combined Coryat: $23,400

The J! Archive is created by fans, for fans. The Jeopardy! game show and all elements thereof, including but not limited to copyright and trademark thereto, are the property of Jeopardy Productions, Inc. and are protected under law. This website is not affiliated with, sponsored by, or operated by Jeopardy Productions, Inc. Join the discussion at JBoard.tv.